000 00451nam a2200169Ia 4500
003 GCL
008 140319s9999 xx 000 0 eng d
040 _aGCL /
_cGCL
082 0 4 _a410
_bW I
100 1 _aWARDHAUGH, RONALD
245 1 0 _aINVESTIGATING LANGUAGE: CENTRAL PROBLEMS IN LIGUISTICS /
_cWARDHAUGH, RONALD
260 _a[S.N] :
_bBLACK WELL ،
_c1993
300 _a292 P
650 0 4 _aLINGUISTICS
650 0 4 _aLANGUAGES
942 _2ddc
_cBK
999 _c10499
_d10499